00425nam a2200169Ia 450000500170000000800410001702000140005804000190007204100120009108200130010310000200011624500450013626000330018130000100021465000210022485000100024520240408102638.0131103s9999 xx 000 0 und d a582523036 aLoreto College aEnglish a425bALE aAlexander, L.G. aEssay and letter writingcL.G. Alexander aLondonbOrient Longmanc1970 a137p  aEnglish Language aLCBED